000 00671naa a22002297a 4500
001 BR8706853
003 BR-BrBNA
005 20250721154529.0
007 ta
008 250630b bl.|||m| |||| 00| 0 por d
040 _aBR-BrBNA
_bpor
_cBiblioteca Nacional de Agricultura
041 _a(Pt)
072 _aQ02
_b2790
090 _aQ02 BR8706853
100 1 _aAnon.
245 1 _aPlantas suas indicacoes e receitas
500 _aNossas avos ja usavam Rio de Janeiro, RJ (Brasil): 1980. p. 22-31 (BR8706853-AMS)
650 _aPLANTA MEDICINAL
490 _aCada Cabeca e um Mundo (Brazil)
_vno. 10
942 _cAMS
_2AGRIS
909 _a202506
_bLúcia
_c55
_dLúcia Elande
999 _c335408
_d335408